Nauka o zboží pro EZO textilní a oděvní zboží

Salvato in:
Dettagli Bibliografici
Autore principale: Zahradníková, Hana
Ente Autore: Vysoká škola ekonomická v Praze. Obchodní fakulta
Altri autori: Plášková, Alena
Natura: Libro
Lingua:ceco
Pubblicazione: Praha Státní pedagogické nakladatelství 1984
Tags: Aggiungi Tag
Nessun Tag, puoi essere il primo ad aggiungerne!!

MARC

LEADER 00000nam a2200000 4500
001 c107023
005 20190425093029.8
041 0 |a cze 
044 |a CZ 
245 1 0 |a Nauka o zboží pro EZO  |b textilní a oděvní zboží  |c Hana Zahradníková, Alena Plášková 
264 1 |a Praha  |b Státní pedagogické nakladatelství  |c 1984 
300 |a 141 s. 
100 1 |a Zahradníková, Hana 
700 1 |a Plášková, Alena 
710 2 |a Vysoká škola ekonomická v Praze. Obchodní fakulta